#7 PB152 - Komunikace - Statistics

General Stats
  • This quiz has been taken 9 times
  • The average score is 14 of 18
Answer Stats
Hint Answer % Correct
Môže byť akákoľvek entita, ktorú je možné rezervovať a následne vrátiťDá sa rezervovať a následne uvoľniť Abstraktní zdroj
100%
Najznámejší algoritmus na vyhýbanie sa uviaznutiu Bankéřův algoritmus
100%
Má pevnú veľkosť a dva ukazatele pre čítanie a zápis Kruhová fronta
100%
Slučka v statickom grafe závislosti zdrojov Kruhové čekání
100%
Typ zdroja, ktorého jediný spôsob uvoľnenia, je dobrovoľné vrátenie vlastníkom Neodnímatelný
100%
Riešenie uviaznutia, ktoré násilne ukončí všetky dotknuté procesy alebo reštartuje systém Pštrosí algoritmus
100%
Alternatíva k virtualizaciVyužijeme v situáciach, kedy sa nedá použiť virtualizácia Vyžiadáva a uvoľňuje zdroje Keď zdroj nie je dostupný, tak buď zlyhá alebo čaká kým dostupný bude Rezervace
100%
Špecializácia komunikačnej frontyPracuje s bajtami Vyznačuje sa efektívnymi dávkovými operáciami Poskytovaná OS Roura
100%
Jav, ktorý nastane v prípade, že sa vlákna navzájom blokojú čakaním na príslušné zdroje Uváznutí
100%
Prijíma správy od jednotlivých komunikujúcich entit a realizuje ich doručenieMusí existovať komunikačný kanál s klientom Zprostředkovatel
100%
Jedna konkrétna existencia zdrojaUž rezervovanú nejde vymeniť za inú Instance
67%
Forma synchronizaceVäčšinou zobecnená verzia problému producentov a konzumentov - účastníci sú producenti a konzumenti Dá sa použiť ľubovoľná datová štruktúra ak je chránená synchronizačným zariadením Komunikace
67%
Zobecnenie komunikačnej frontyVkladať a vyberať môže viac než jedno vlákno Sdílená fronta
67%
Stav, ktorý nastane v prípade, že počet nedoručených správ, ktoré je systém ochotný uložiť, je nulovýOdosielateľ a prijímateľ sa musia stretnúť aby si správu predali Setkání
67%
Umožňujú predávať dáta v pevnom poradíNevyžadujú synchronizáciu pri každom jednotlivom predaní Umožňujú celkovo väčšiu mieru súbežnosti Efektívna kruhová implementácia Komunikační fronty
33%
Alternatíva k zdieľanej pamätiBezpečnejší na použitie - menej problémov s hazardom súbehu Dá sa použiť aj medzi rôznymi počítačmi Nevie odkazovať do iných datových štruktúr Předávání zpráv
33%
Technika, kdy nesmíme připustit, aby vlákno, které nějaký zdroj již vlastní, čekalo na nějaký zdrojVlákno žiada o všetky zdroje "naraz" Zamezení předrezervací
33%
Technika, kdy rezervovat lze pouze zdroj, který je v uspořádání větší než dosud největší zdroj vláknu přisouzenýStatický graf závislostí zdrojů je acyklický Zamezení uspořádáním
33%
No matching quizzes found
Score Distribution
Percent of People with Each Score
Percentile by Number Answered
Your Score History
You have not taken this quiz